000 00559nam a2200193Ia 4500
003 GCL
008 140319s9999 xx 000 0 eng d
040 _aGCL /
_cGCL
082 0 4 _a005.1
_bS F
100 1 _aKURTZ, BARRY L.
245 1 0 _aFORMAL SYNTAX AND SEMANTICS OF PROGRAMMING LANGUAGES /
_cKURTZ, BARRY L.
700 1 _aSLONNEGER, KENNETH
260 _a[S.N] :
_bADDISON - WESLEY PUBLISHING COMPANY ،
_c1995
300 _a637 P
650 0 4 _aPROGRAMMING LANGUAGE
650 0 4 _aELECTRONIC COMPUTER
650 0 4 _aSYNTAX SEMANTICS
942 _2ddc
_cBK
999 _c23823
_d23823